00262nam a22001097a 4500020002200000082001200022100001400034245004300048260002800091300000800119650002500127 a978-0-19-062514-6 a306 JUL aJulian GO aPostcolonial Thought and Social Theory aNew DelhibOxfordc2016 a248 aPost Colonial Theory